Rozšírenie bude stáť 70 miliárd eur

Podľa novej správy Európskej komisie celkové priame výdavky Európskej únie na rozšírenie o 10 krajín, vrátane Slovenska, dosiahnu za obdobie rokov 1990-2006 takmer 70 miliárd eur.

Guardado en:
Detalles Bibliográficos
Formato: Capítulo de libro
Lenguaje:eslovaco
Materias:
Etiquetas: Agregar Etiqueta
Sin Etiquetas, Sea el primero en etiquetar este registro!

MARC

LEADER 00000naa a2200000 4500
001 r049358
005 20230925124459.4
041 0 |a slo 
044 |a SK 
245 1 0 |a Rozšírenie bude stáť 70 miliárd eur 
520 |a Podľa novej správy Európskej komisie celkové priame výdavky Európskej únie na rozšírenie o 10 krajín, vrátane Slovenska, dosiahnu za obdobie rokov 1990-2006 takmer 70 miliárd eur. 
610 2 0 |a spolupráca hospodárska medzinárodná 
610 2 0 |a Európska únia 
610 2 0 |a Slovensko 
610 2 0 |a SVE 
610 2 0 |a výdavky 
610 2 0 |a programy rozvojové 
610 2 0 |a fondy štruktúrne